| 000 | 01450cad a22002415a 4500 | ||
|---|---|---|---|
| 001 | E150086 | ||
| 008 | 100601e20100601xxk 000 0 eng d | ||
| 035 | _a(Sirsi) u150086 | ||
| 041 | 0 | _aeng | |
| 110 | 2 |
_aScotland _bScottish Government _95344 |
|
| 245 | 0 | 0 |
_aLocal Government (Scotland) Act 1973 Section 74 Disposal of Land by Local Authorities (Scotland) Regulations 2010 _bsupporting guidance for disposals of land at less than best consideration that can reasonably be obtained _h[electronic resource] |
| 260 | _c2010 | ||
| 490 |
_aScottish Government Statutory Guidance _v1 June 2010 |
||
| 520 | _aGuidance on the duty to appoint and instruct a suitably qualified valuer to determine the value of best consideration for land. Also discusses the factors which should be taken into account, or not, in undertaking that valuation. This Statutory Guidance is issued under the Local Government (Scotland) Act 1973 S74, as amended by the Local Government in Scotland Act 2003 S11. | ||
| 590 | _aKA NTK | ||
| 650 | 2 | 4 | _aLOCAL GOVERNMENT (SCOTLAND) ACT 1973 S74 |
| 650 | 2 | 4 | _aLOCAL GOVERNMENT IN SCOTLAND ACT 2003 S11 |
| 650 | 2 | 4 | _aDISPOSAL OF LAND BY LOCAL AUTHORITIES (SCOTLAND) REGULATIONS 2010 |
| 651 | 4 |
_aScotland _y1999- |
|
| 690 | _aPROPERTY-PROPERTY APPRAISAL AND VALUATION | ||
| 856 | 4 | 0 |
_uhttps://www.scotland.gov.uk/Publications/2010/05/qualified-valuer-guidance _zView the guidance free of charge at www.scotland.gov.uk |
| 942 | _n0 | ||
| 999 |
_c82388 _d82388 |
||